State and diplomacy in early modern Japan : Asia in the development of the Tokugawa Bakufu

Đã lưu trong:
书目详细资料
主要作者: Toby, Ronald P.
格式: 图书
语言:Undetermined
出版: Stanford, California Stanford University Press 1984
标签: 添加标签
没有标签, 成为第一个标记此记录!
Thư viện lưu trữ: Trung tâm Học liệu Trường Đại học Cần Thơ
LEADER 00540nam a2200181Ia 4500
001 CTU_111908
008 210402s9999 xx 000 0 und d
082 |a 327.52 
082 |b T628 
100 |a Toby, Ronald P. 
245 0 |a State and diplomacy in early modern Japan : 
245 0 |b Asia in the development of the Tokugawa Bakufu 
245 0 |c Ronald P. Toby 
260 |a Stanford, California 
260 |b Stanford University Press 
260 |c 1984 
904 |i Hiếu 
980 |a Trung tâm Học liệu Trường Đại học Cần Thơ